| Поле | Инд. | ПП | Название | Значение |
|---|---|---|---|---|
| Тип записи | a | |||
| Библиографический уровень | m | |||
| 001 | Контрольный номер | 8d1be1b8e83b47bf9573a12afe51afbf | ||
| 003 | 1547c340dcc64d8d8fbcae6ba1ee403a | |||
| 005 | Дата корректировки | 20191227160611.7 | ||
| 008 | Кодируемые данные | s1991 ru |||||||||||000|||rus|d | ||
| 020 | a | ISBN | (В пер.) | |
| c | Цена, тираж | 3-00 | ||
| 040 | b | Код языка каталог. | rus | |
| 040 | a | Служба первич. каталог. | ЦГБ г.В.Луки | |
| c | Служба, преобразующая запись | РК-16(1) | ||
| 041 | 0_ | a | Код языка текста | rus |
| 084 | 2 | Источник индекса | rubbk | |
| a | Индекс другой классификации/Индекс ББК | 65.9(2)-1 | ||
| 090 | a | Полочн. индекс | 65.9(2)-1 | |
| x | Авторский знак | Б 32 | ||
| c | Каталожный индекс | 65.9(2)-1 | ||
| e | Инвентарный номер (DOS) | 751199 | ||
| f | Сигла хранения (DOS) | влг-ЦБ | ||
| j | Имя библиотеки | ЦГБ г. В.Луки | ||
| 091 | a | Индекс ББК (DOS) | 65.9(2)-1 | |
| 100 | 1_ | a | Автор | Бачурин А. В. |
| 245 | 10 | a | Заглавие | Рынок в СССР: Становление, регулирование |
| 260 | a | Место издания | Москва | |
| b | Издательство | Экономика | ||
| c | Дата издания | 1991 | ||
| 300 | a | Объем | 316, [2] с. | |
| 990 | b | Заказано (DOS) | ЦБ 751199 |